| 000 | 00568nam a22001577a 4500 | ||
|---|---|---|---|
| 003 | NUST | ||
| 082 | _a610 | ||
| 100 |
_a Khalid ,Ayesha _928091 |
||
| 245 |
_aChrysoeriol as a Potential Therapeutic Agent for Alzheimer's Disease: Behavioral and Molecular Insights from a Mouse Model / _cAyesha Khalid |
||
| 264 |
_aIslamabad : _bSMME- NUST. _c2024. |
||
| 300 |
_bSoft Copy _c30cm. |
||
| 650 | _aMS Biomedical Sciences (BMS) | ||
| 700 |
_aSupervisor: Dr. Aneeqa Noor _9119519 |
||
| 856 | _uhttp://10.250.8.41:8080/xmlui/handle/123456789/47281 | ||
| 942 |
_2ddc _cTHE |
||
| 999 |
_c612176 _d612176 |
||